Дело по вопросу о том, следует ли баллотировать на оставление при Варшавском университете преподавателей его, польского происхож...

Доступно только в Электронных читальных залах Найти на картеНа карте
RUSMARC
00004140nmc2a22000003x 450
001160d537f-74d7-4ae6-9596-bf7f7463dcf1
00520180711221420.0
100##$a20160415l18701871k l0rusy0189 ca
1010#$arus
102##$aRU
2001#$aДело по вопросу о том, следует ли баллотировать на оставление при Варшавском университете преподавателей его, польского происхождения, которые хотя выслужили сроки (двадцать пять лет) на получение эмеритурных пенсий, но не достигли ещё пятидесяти лет от роду. Тут же о том, имеет ли совет университета право баллотировать профессоров, выслуживших двадцать пять лет, на дальнейшее оставление при университете, если они поступили в университет не по выбору совета, а при открытии университета
$j26 июня 1870 г. - 24 апреля 1871 г.
251##$cДело
300##$aДело
801#0$aRU
$bРГИА
$c20160415
$gRCR
801#1$aRU
$bГлавНИВЦ
$c20160415
$2rusmarc
801#2$aRU
$bПБ им. Б.Н. Ельцина
$c20180711
$gRCR
$2rusmarc
850##$aРГИА
852##$aРГИА
$eФедеральное казенное учреждение "Российский государственный исторический архив" (РГИА)
$j880
937##$hРГИА
$d12196088
$aASBIBLIO_SCAN
462#0$100175ee99a9-5750-4f16-9283-bc673fb37de8
$12001
$aДела разряда высших учебных заведений Департамента народного просвещения за 1838-1872 гг.
$1251
$cОпись
$1852
$j147
461#0$1001a74412a3-3cc5-4d21-8f0a-dfe2fbd9e72d
$12001
$aДепартамент народного просвещения Министерства народного просвещения (1803-1917)
$1251
$cФонд
$1852
$j733
215##$a25 л.
$d36,5х26 см
371##$aДокумент не является опубликованным и широко распространяемым
105##$ay###
1222#$ad
035##$a160d537f-74d7-4ae6-9596-bf7f7463dcf1
856##$uhttp://readingroom.main.prlib.ru/item.aspx?id_node=n117190294&mode=full
Формат отображения